| 000 | 00686nam a2200217 i 4500 | ||
|---|---|---|---|
| 001 | 124471 | ||
| 003 | ES-MaACL | ||
| 005 | 20250817210227.0 | ||
| 007 | t| | ||
| 008 | 070328s1931 sp ||||1| spa d | ||
| 080 | _a839.6.09 | ||
| 100 | 1 |
_aBeyer, Harald. _928721 |
|
| 245 | 1 | 0 |
_aLiteratura noruega / _cHarald Beyer ; traducción directa del alemán por J. Ernesto Martínez Ferrando. |
| 260 |
_aBarcelona : _bLabor, _c[1931] |
||
| 300 |
_a174 p., XII p. de lám. ; _c17 cm. |
||
| 490 | 1 |
_aColección Labor ; _v280 |
|
| 700 | 1 |
_aMartínez Ferrando, Ernest, _d1891-1965 _978083 |
|
| 830 | 0 | 0 |
_aColección Labor _v280 _9184254 |
| 852 |
_aES-MaACL _jE-2775 |
||
| 999 |
_c124471 _d124471 |
||